000 00905nam a2200265Ia 4500
003 OSt
005 20221005104802.0
006 a|||||r|||| 00| 0
007 ta
008 221004b |||||||| |||| 00| 0 hin d
024 _a32025
037 _cTextual
040 _aCRL
_cCRL
_bhin
041 _2hin
_ahin
082 _aP152, M0
100 _aतिवारी, भोलानाथ
245 0 _aव्यावसायिक हिन्दी
246 _aVyāvasāyik hindī
260 _aदिल्ली
_bशब्दकार भारत
_c1980
300 _a116पृ.
_ccm.
650 _aहिन्दी भाषा
700 _a चतुर्वेदी, महेन्द्र
942 _hP152, M0
_cTEXL
_2cc
999 _c1013783
_d1013783